000 00667nam a2200265Ia 4500
005 20260324153130.0
008 008 260324s9999 xx 000 0 eng d
020 _a9780323431385
037 _aEBOOK
040 _aCRL
040 _beng
040 _cCRL
041 _2eng
041 _aeng
084 _qCRL
100 _aSheikholeslami, Mohsen
245 0 _aExternal Magnetic Field Effects on Hydrothermal Treatment of Nanofluid
260 _bElsevier
260 _c2016
650 _aMaterials Science
856 _uhttps://www.sciencedirect.com/science/book/9780323431385
942 _cEBOOK
999 _c1841898
_d1841898